Most Searched Celebrities of 2012 (Bing) Quiz Stats

Quiz not verified by Sporcle

Challenge
Share
Tweet
Embed
Score 0/10 Timer 02:00
0 Plays Today
Rank Celebrity % Correct
2Justin Bieber
74.7%
1Kim Kardashian
55.4%
10Taylor Swift
54.2%
4Rihanna
44.6%
7Selena Gomez
43.4%
6Katy Perry
42.2%
3Miley Cyrus
31.3%
5Lindsay Lohan
28.9%
8Jennifer Aniston
21.7%
9Nicki Minaj
16.9%

You're not logged in!

Compare scores with friends on all Sporcle quizzes.
Join for Free
OR
Log In

You Might Also Like...

Show Comments

Extras

Top Quizzes Today


Score Distribution

Your Account Isn't Verified!

In order to create a playlist on Sporcle, you need to verify the email address you used during registration. Go to your Sporcle Settings to finish the process.

Report this User

Report this user for behavior that violates our Community Guidelines.

Details: